Tijdschrift voor Criminologie

Bibliographic Details
Format: Journal
Language:Dutch
Published: Den Haag : Boom Uitgevers Den Haag, 1959-
Subjects:
Online Access:http://www.vlex.com/source/7253

MARC

LEADER 00000nas a22000007a 4500
005 20130322134500.0
007 cr|||| ||||
008 130322c19599999ne tr|p s|||| 0|||a1dut d
022 |a 0165182X  
035 |a 7253 
040 |a vLex 
090 |c 3998  |d 3998 
245 0 0 |a Tijdschrift voor Criminologie  |h [Recurso electrn̤ico]  
256 |a Servicio en ln̕ea 
260 |a Den Haag :   |b Boom Uitgevers Den Haag,   |c 1959- 
300 |a 1 Recurso electrn̤ico 
506 |d vLex Global  |d vLex Global (Academic Edition, excluding Law Schools)  |d vLex Global (U.S. Academic Edition, Law Schools)  |d vLex Global (U.S. Academic Edition, excluding Law Schools)  |d vLex Global (Academic Edition, Law Schools) 
650 0 4 |a Criminologa̕  |v Revistas  |z Holanda 
740 |a vLex Revistas (Servicio en ln̕ea) 
856 |a Acceso restringido  |u http://www.vlex.com/source/7253 
942 |c REV 
999 0 |a Criminology